Actors who worked with Jaume Collet-Serra - Statistics

General Stats
  • This quiz has been taken 9 times
  • The average score is 10 of 81
Answer Stats
Film(s) Answer % Correct
Jungle Cruise, Black Adam Dwayne Johnson
83%
Orphan, The Commuter Vera Farmiga
67%
Run All Night Ed Harris
50%
Jungle Cruise Emily Blunt
50%
Unknown, Non-Stop, Run All Night, The Commuter Liam Neeson
50%
The Commuter Patrick Wilson
50%
Black Adam Pierce Brosnan
50%
The Shallows Blake Lively
33%
House of Wax Chad Michael Murray
33%
Unknown Diane Kruger
33%
House of Wax Jared Padalecki
33%
Carry-On Jason Bateman
33%
Non-Stop Julianne Moore
33%
Non-Stop, The Woman in the Yard Lupita Nyong'o
33%
House of Wax Paris Hilton
33%
Carry-On Taron Egerton
33%
Unknown Aidan Quinn
17%
Black Adam Aldis Hodge
17%
House of Wax Brian Van Holt
17%
Unknown Bruno Ganz
17%
Run All Night Common
17%
Carry-On, The Woman in the Yard Danielle Deadwyler
17%
Unknown Frank Langella
17%
Orphan Jimmy Bennett
17%
Run All Night Joel Kinnaman
17%
The Commuter Jonathan Banks
17%
Goal II: Living the Dream Nick Cannon
17%
Black Adam Noah Centineo
17%
Orphan Peter Sarsgaard
17%
House of Wax Robert Ri'chard
17%
The Commuter Sam Neill
17%
Run All Night Vincent D'Onofrio
17%
Goal II: Living the Dream Alessandro Nivola
0%
Goal II: Living the Dream Anna Friel
0%
Non-Stop Anson Mount
0%
Run All Night Boyd Holbrook
0%
The Shallows Brett Cullen
0%
Run All Night Bruce McGill
0%
Orphan CCH Pounder
0%
Non-Stop Corey Stoll
0%
The Woman in the Yard David Oyelowo
0%
The Commuter Dean-Charles Chapman
0%
Carry-On Dean Norris
0%
Black Adam Djimon Hounsou
0%
Jungle Cruise Édgar Ramírez
0%
House of Wax Elisha Cuthbert
0%
Goal II: Living the Dream Elizabeth Peña
0%
The Commuter Florence Pugh
0%
Run All Night Genesis Rodriguez
0%
The Woman in the Yard Idris Elba
0%
Jungle Cruise Jack Whitehall
0%
Unknown January Jones
0%
Non-Stop Jason Butler Harner
0%
Jungle Cruise Jesse Plemons
0%
House of Wax Jon Abrahams
0%
The Commuter Kingsley Ben-Adir
0%
The Woman in the Yard Kristen Bell
0%
Goal II: Living the Dream Kuno Becker
0%
The Commuter Letitia Wright
0%
The Woman in the Yard Lil Rel Howery
0%
Run All Night Lois Smith
0%
Black Adam Marwan Kenzari
0%
Non-Stop Michelle Dockery
0%
Non-Stop Nate Parker
0%
Run All Night Nick Nolte
0%
The Woman in the Yard Okwui Okpokwasili
0%
The Shallows Óscar Jaenada
0%
Jungle Cruise Paul Giamatti
0%
Black Adam Quintessa Swindell
0%
The Woman in the Yard Russell Hornsby
0%
Goal II: Living the Dream Rutger Hauer
0%
Black Adam Sarah Shahi
0%
Non-Stop Scoot McNairy
0%
Goal II: Living the Dream Sean Pertwee
0%
Unknown Sebastian Koch
0%
Non-Stop Shea Whigham
0%
Carry-On Sinqua Walls
0%
Carry-On Sofia Carson
0%
Goal II: Living the Dream Stephen Dillane
0%
The Woman in the Yard Taye Diggs
0%
Carry-On Theo Rossi
0%
No matching quizzes found
Score Distribution
Percent of People with Each Score
Percentile by Number Answered
Your Score History
You have not taken this quiz